[Event "B5 Gruppe 2 "]
[Site "Koge"]
[Date "2004.??.??"]
[Round "4"]
[White "Christiansen, Per"]
[Black "Schmidt, Niels Kim"]
[Result "0-1"]
[WhiteElo "1764"]
[BlackElo "1762"]
[PlyCount "50"]
[EventDate "2004.04.08"]
[EventType "swiss"]
[EventRounds "5"]
[EventCountry "DEN"]

1. e4 c5 2. Nf3 Nc6 3. d4 cxd4 4. Nxd4 d6 5. Nc3 Nf6 6. Be2 Bd7 7. O-O g6 8.
Be3 Bg7 9. Rb1 O-O 10. f3 Kh8 11. Qd2 a6 12. Rfc1 Ne5 13. Nd5 Nxd5 14. exd5 Rc8
15. c4 Rc7 16. b4 Qc8 17. c5 Qb8 18. c6 bxc6 19. dxc6 Nxc6 20. Bxa6 Nxd4 21.
Bxd4 e5 22. Rxc7 Qxc7 23. Bf2 Ra8 24. b5 Qb8 25. Qe2 Rxa6 0-1

[Event "B5 Gruppe 2 "]
[Site "Koge"]
[Date "2004.??.??"]
[Round "4"]
[White "Moller, Frederik Oest"]
[Black "Schmidt, Horst Hubert"]
[Result "1-0"]
[WhiteElo "1689"]
[BlackElo "1718"]
[PlyCount "49"]
[EventDate "2004.04.08"]
[EventType "swiss"]
[EventRounds "5"]
[EventCountry "DEN"]

1. e4 e5 2. Nf3 d6 3. Nc3 g6 4. Bc4 Bg7 5. d3 Nh6 6. h3 O-O 7. Be3 Kh8 8. Qd2
Ng8 9. O-O-O c6 10. d4 b5 11. Be2 b4 12. Nb1 Qa5 13. dxe5 Qxa2 14. Qxb4 c5 15.
Qc4 Qa1 16. Rxd6 Be6 17. Rxe6 fxe6 18. Qxe6 Qa5 19. Bc4 a6 20. Qd5 Qc7 21. Ng5
Ne7 22. Nf7+ Rxf7 23. Qxf7 Qxe5 24. Qe8+ Ng8 25. Qxg8# 1-0

[Event "B5 Gruppe 2 "]
[Site "Koge"]
[Date "2004.??.??"]
[Round "4"]
[White "Leimand, Hans Erik"]
[Black "Vandrup, Lars"]
[Result "1/2-1/2"]
[WhiteElo "1715"]
[BlackElo "1738"]
[PlyCount "72"]
[EventDate "2004.04.08"]
[EventType "swiss"]
[EventRounds "5"]
[EventCountry "DEN"]

1. d4 Nf6 2. Nf3 d6 3. c4 g6 4. Nc3 Bg7 5. e4 O-O 6. Be2 c6 7. O-O e5 8. dxe5
dxe5 9. Qc2 Qc7 10. h3 Nbd7 11. Rd1 Nc5 12. Be3 Ne6 13. a3 Nh5 14. Ng5 Nhf4 15.
Nxe6 Nxe6 16. c5 Qe7 17. b4 Qh4 18. Bc4 Ng5 19. Bxg5 Qxg5 20. Qd2 Bf6 21. Qxg5
Bxg5 22. Rd3 Kg7 23. Rad1 Be7 24. Kh2 h5 25. f3 f5 26. exf5 Bxf5 27. Ne4 Bxe4
28. fxe4 Rad8 29. Rd7 Kh6 30. Bb3 Bg5 31. Rxd8 Rxd8 32. Rxd8 Bxd8 33. Be6 b6
34. cxb6 axb6 35. Bd7 c5 36. bxc5 bxc5 1/2-1/2

[Event "B5 Gruppe 2 "]
[Site "Koge"]
[Date "2004.??.??"]
[Round "4"]
[White "Sorensen, Soren Thomas"]
[Black "Jensen, Janech"]
[Result "0-1"]
[WhiteElo "1754"]
[BlackElo "1732"]
[PlyCount "136"]
[EventDate "2004.04.08"]
[EventType "swiss"]
[EventRounds "5"]
[EventCountry "DEN"]

1. c4 Nf6 2. Nc3 d6 3. g3 g6 4. Bg2 Bg7 5. Nf3 e5 6. d3 Nc6 7. O-O O-O 8. Rb1
Bg4 9. h3 Bd7 10. b4 Ne8 11. Nd2 Qc8 12. Kh2 Ne7 13. Bb2 f5 14. Nd5 Nxd5 15.
Bxd5+ Kh8 16. c5 c6 17. Bg2 d5 18. Nf3 Qc7 19. e4 fxe4 20. dxe4 d4 21. Qb3 Bf6
22. Bc1 Ng7 23. Bh6 Rae8 24. h4 Be6 25. Qc2 Bg8 26. Nd2 Rf7 27. Nc4 Rd8 28. Qd3
Ne8 29. Bh3 Re7 30. f4 b5 31. cxb6 axb6 32. fxe5 b5 33. exf6 bxc4 34. Qf3 Rf7
35. Bf4 Qa7 36. e5 Qxa2+ 37. Kg1 Ra7 38. Bh6 Bd5 39. Qf2 Qxf2+ 40. Rxf2 Bf7 41.
Bg5 Nc7 42. Rd2 Ne6 43. Bxe6 Bxe6 44. Kf1 d3 45. Kf2 h5 46. Ke3 Rb8 47. Kd4 Rb5
48. Rg1 Rd7+ 49. Kc3 Rxe5 50. Ra1 Bd5 51. Bh6 Kg8 52. Ra8+ Kf7 53. Rf8+ Ke6 54.
Re8+ Kxf6 55. Bg5+ Rxg5 56. hxg5+ Kxg5 57. Re3 Rg7 58. Kd4 Rb7 59. Kc5 Rb5+ 60.
Kd4 Rxb4 61. Kc3 Rb1 62. Rf2 Rc1+ 63. Kd2 Rc2+ 64. Ke1 Rxf2 65. Kxf2 Kg4 66.
Ke1 Bf3 67. Re6 g5 68. Rg6 c3 0-1

[Event "B5 Gruppe 2 "]
[Site "Koge"]
[Date "2004.??.??"]
[Round "5"]
[White "Pondal, Jesper"]
[Black "Leimand, Hans Erik"]
[Result "1-0"]
[WhiteElo "1766"]
[BlackElo "1715"]
[PlyCount "113"]
[EventDate "2004.04.08"]
[EventType "swiss"]
[EventRounds "5"]
[EventCountry "DEN"]

1. d4 d5 2. Nf3 Nf6 3. c4 e6 4. Nc3 Be7 5. Bf4 a6 6. e3 O-O 7. Bd3 b6 8. cxd5
Nxd5 9. Nxd5 exd5 10. Qc2 Ra7 11. Bxh7+ Kh8 12. Bd3 Nd7 13. O-O c5 14. Ne5 Nxe5
15. Bxe5 c4 16. Bf5 Bxf5 17. Qxf5 Qd7 18. Qf4 f6 19. Qh4+ Kg8 20. Bg3 g5 21.
Qh5 Rf7 22. f4 Rh7 23. Qe2 Bd6 24. Qf3 Be7 25. fxg5 fxg5 26. Be5 Ra8 27. Qe2
Bd6 28. Bxd6 Qxd6 29. g3 b5 30. Rf5 Rg7 31. Qf3 Rd8 32. Rf1 Qe6 33. Rf6 Qc8 34.
Rf7 Qe6 35. Rf8+ Rxf8 36. Qxf8+ Kh7 37. Qf5+ Rg6 38. Qf7+ Kh6 39. Qf8+ Kh5 40.
Qf3+ g4 41. Qf5+ Kh6 42. Qf8+ Kg5 43. Qd8+ Rf6 44. Rxf6 Qxf6 45. Qxd5+ Kg6 46.
Qe4+ Qf5 47. Qxf5+ Kxf5 48. d5 b4 49. Kf2 a5 50. e4+ Ke5 51. Ke3 a4 52. Kd2 Kd6
53. Kc2 b3+ 54. axb3 cxb3+ 55. Kd3 Kc5 56. Kc3 Kb5 57. d6 1-0

[Event "B5 Gruppe 2 "]
[Site "Koge"]
[Date "2004.??.??"]
[Round "5"]
[White "Jensen, Janech"]
[Black "Reiths, Henning"]
[Result "1-0"]
[WhiteElo "1732"]
[BlackElo "1712"]
[PlyCount "155"]
[EventDate "2004.04.08"]
[EventType "swiss"]
[EventRounds "5"]
[EventCountry "DEN"]

1. e4 e6 2. d3 c5 3. g3 Nc6 4. Bg2 g6 5. Nc3 Bg7 6. f4 d5 7. Bd2 Nge7 8. Nf3
Rb8 9. Rb1 O-O 10. O-O b5 11. Ne2 b4 12. h3 f5 13. g4 Ba6 14. Ng5 Qd7 15. exf5
exf5 16. Be3 d4 17. Bd2 fxg4 18. Ng3 h6 19. N5e4 gxh3 20. Bf3 Rb5 21. Bg4 h2+
22. Kxh2 Qc7 23. Be6+ Kh7 24. Qg4 Nd8 25. f5 gxf5 26. Bxf5+ Nxf5 27. Rxf5 Bc8
28. Ng5+ Kh8 29. Rxf8+ Bxf8 30. Qh5 Rb6 31. Rf1 Kg7 32. N5e4 Nf7 33. Bf4 Qd7
34. Rg1 Rg6 35. Be5+ Nxe5 36. Qxe5+ Kh7 37. Rg2 Bd6 38. Nf6+ Rxf6 39. Qxf6 Qh3+
40. Kg1 Bxg3 41. Re2 Bh2+ 42. Rxh2 Qg4+ 43. Rg2 Qd1+ 44. Kh2 Qh5+ 45. Kg3 Qg4+
46. Kf2 Qf5+ 47. Qxf5+ Bxf5 48. Kf3 h5 49. Kf4 Bg4 50. Kg5 Kg7 51. Rf2 Bd1 52.
Rd2 Bg4 53. c3 bxc3 54. bxc3 dxc3 55. Rc2 Kf7 56. Rxc3 Be2 57. Rxc5 Ke6 58. d4
Kd6 59. Ra5 a6 60. Kf4 h4 61. Ke3 Bf1 62. Kf2 Bc4 63. a3 h3 64. Rh5 Be6 65. Ke3
Ke7 66. d5 Bg4 67. Rh4 Bd7 68. Kd4 Kf6 69. Kc5 Kg5 70. Rh8 Kg4 71. Kb6 Kg3 72.
Kc7 Bg4 73. d6 h2 74. Rxh2 Kxh2 75. d7 Bxd7 76. Kxd7 Kg3 77. Kc7 Kf4 78. Kb6
1-0

[Event "B5 Gruppe 2 "]
[Site "Koge"]
[Date "2004.??.??"]
[Round "5"]
[White "Sorensen, Soren Thomas"]
[Black "Moller, Frederik Oest"]
[Result "1-0"]
[WhiteElo "1754"]
[BlackElo "1689"]
[PlyCount "133"]
[EventDate "2004.04.08"]
[EventType "swiss"]
[EventRounds "5"]
[EventCountry "DEN"]

1. c4 e6 2. Nc3 d5 3. e3 Nf6 4. d4 a6 5. b3 b6 6. Nf3 c5 7. Ba3 Nbd7 8. dxc5
Nxc5 9. cxd5 exd5 10. Be2 Be7 11. O-O O-O 12. Nd4 Qd7 13. Bb2 Bb7 14. Bf3 Rac8
15. Nce2 Bd6 16. Ng3 Bc7 17. Ndf5 Bxg3 18. Nxg3 Qe6 19. Qd4 Ncd7 20. Rac1 Rfe8
21. Nh5 Nxh5 22. Bxh5 Nf6 23. Bf3 Qd6 24. Rfd1 Rcd8 25. Rd2 Re7 26. Rdc2 Ne8
27. Bc3 Qg6 28. Qh4 Red7 29. Bd4 Rc8 30. Rxc8 Bxc8 31. h3 Bb7 32. Qg4 Qxg4 33.
Bxg4 Rd6 34. Bc8 Bxc8 35. Rxc8 Kf8 36. Rb8 Ke7 37. Rxb6 Rxb6 38. Bxb6 Kd6 39.
Bd4 g6 40. Kf1 Nc7 41. Ke2 Kc6 42. Kd3 Ne6 43. f4 f5 44. a4 Kd6 45. Kc3 Nd8 46.
b4 Kc6 47. Kd3 Ne6 48. g4 Nc7 49. gxf5 gxf5 50. Ke2 Kd7 51. Kf3 Ke6 52. Kg3 Kf7
53. Kh4 Kg6 54. Be5 Na8 55. a5 Kh6 56. Kg3 Kg6 57. Bd6 Kf6 58. Kf3 Ke6 59. Be5
h6 60. Ke2 Kd7 61. Kd3 Kc6 62. Kd4 h5 63. h4 Kb5 64. Kxd5 Kxb4 65. e4 Kxa5 66.
exf5 Nb6+ 67. Kc6 1-0

[Event "B5 Gruppe 2 "]
[Site "Koge"]
[Date "2004.??.??"]
[Round "5"]
[White "Schmidt, Horst Hubert"]
[Black "Hansen, Henrik Damgaard"]
[Result "1/2-1/2"]
[WhiteElo "1718"]
[BlackElo "1723"]
[PlyCount "128"]
[EventDate "2004.04.08"]
[EventType "swiss"]
[EventRounds "5"]
[EventCountry "DEN"]

1. e4 d5 2. exd5 Nf6 3. c4 e6 4. dxe6 Bxe6 5. Nf3 Nc6 6. Be2 Bc5 7. O-O O-O 8.
a3 a5 9. Nc3 Re8 10. Nb5 Nd4 11. Nbxd4 Bxd4 12. d3 c5 13. Rb1 Qe7 14. Bg5 h6
15. Bxf6 Bxf6 16. Re1 Rad8 17. Bf1 Qc7 18. Qc2 Bf5 19. b4 Rxe1 20. Nxe1 axb4
21. axb4 b6 22. bxc5 bxc5 23. Qb3 Qd6 24. g3 Kh7 25. Bg2 h5 26. Bd5 Be6 27.
Bxe6 Qxe6 28. Qd1 g6 29. Qf3 Kg7 30. Qe3 Qxe3 31. fxe3 Bc3 32. d4 cxd4 33. exd4
Rxd4 34. Nf3 Rxc4 35. Rb7 Bf6 36. Kg2 Re4 37. Rd7 Re7 38. Rd2 g5 39. Kf2 Kg6
40. Rd5 Re6 41. Nd2 Be7 42. h3 Rd6 43. Rxd6+ Bxd6 44. Kf3 f5 45. Nc4 Bb8 46.
Nd2 g4+ 47. Kg2 Ba7 48. Nc4 Kf6 49. Nd6 Ke6 50. Nb5 Bb6 51. Nc3 Be3 52. hxg4
hxg4 53. Kf1 Ke5 54. Kg2 Bd2 55. Nb5 Bb4 56. Nc7 Bd6 57. Nb5 Bb8 58. Nc3 Kf6
59. Kf2 Kg5 60. Nd5 Bd6 61. Kg2 Be5 62. Kf2 f4 63. gxf4+ Bxf4 64. Kg2 Be5
1/2-1/2

[Event "B5 Gruppe 2 "]
[Site "Koge"]
[Date "2004.??.??"]
[Round "5"]
[White "Boiesen, Jon Rostgaard"]
[Black "Jensen, Jan"]
[Result "1-0"]
[WhiteElo "1751"]
[BlackElo "1761"]
[PlyCount "115"]
[EventDate "2004.04.08"]
[EventType "swiss"]
[EventRounds "5"]
[EventCountry "DEN"]

1. d4 Nf6 2. Nf3 e6 3. Bg5 b6 4. e3 Bb7 5. Bd3 Be7 6. O-O d5 7. Nbd2 Nbd7 8.
Re1 O-O 9. e4 dxe4 10. Nxe4 Nxe4 11. Bxe7 Qxe7 12. Bxe4 Bxe4 13. Rxe4 Qb4 14.
Rb1 Nf6 15. Rh4 Rad8 16. Qd3 Rd5 17. c3 Qe7 18. Re1 Rh5 19. Rxh5 Nxh5 20. Re4
f5 21. Re5 Qf6 22. Qe3 Qg6 23. Rxe6 Nf6 24. Re7 Re8 25. Qe6+ Kf8 26. Rxe8+ Nxe8
27. Qxg6 hxg6 28. Ne5 g5 29. Kf1 a5 30. Ke2 Ke7 31. Kd3 Nd6 32. Nc4 Ne8 33. f3
Ke6 34. g4 Nf6 35. Ne3 f4 36. Nf1 Nd5 37. Nd2 Ne3 38. Ne4 Nf1 39. h3 Kd5 40.
Nxg5 b5 41. h4 Ne3 42. Nh3 Ng2 43. h5 a4 44. Ke2 Kc4 45. Kf2 Kd3 46. Kxg2 Kc2
47. g5 Kxb2 48. h6 gxh6 49. gxh6 Kxa2 50. h7 Kb2 51. h8=Q a3 52. Qa8 a2 53.
Nxf4 a1=Q 54. Qxa1+ Kxa1 55. Nd5 c6 56. Ne7 Kb2 57. Nxc6 Kxc3 58. d5 1-0

[Event "B5 Gruppe 2 "]
[Site "Koge"]
[Date "2004.??.??"]
[Round "5"]
[White "Hansen, Erik Hedegaard"]
[Black "Rasmussen, Henning"]
[Result "1/2-1/2"]
[WhiteElo "1755"]
[BlackElo "1742"]
[PlyCount "85"]
[EventDate "2004.04.08"]
[EventType "swiss"]
[EventRounds "5"]
[EventCountry "DEN"]

1. d4 Nf6 2. c4 d6 3. Nc3 Nbd7 4. e4 e5 5. d5 Be7 6. Bd3 Nc5 7. Bc2 a5 8. Nge2
O-O 9. O-O Ne8 10. Ng3 g6 11. f4 exf4 12. Bxf4 Bf6 13. Qd2 Bg7 14. Bh6 Nd7 15.
Bxg7 Kxg7 16. Rf4 Ne5 17. Qe2 Nf6 18. Raf1 Ng8 19. Nb5 c5 20. dxc6 bxc6 21. Nc3
Qb6+ 22. Qf2 Qxf2+ 23. R1xf2 Nxc4 24. Bb3 Be6 25. Bxc4 Bxc4 26. e5 d5 27. b3
Bb5 28. Rg4 Kh8 29. Rh4 f5 30. exf6 Rxf6 31. Rxf6 Nxf6 32. Nxb5 cxb5 33. Rf4
Kg7 34. Ne2 b4 35. Nd4 Re8 36. Nc6 Ra8 37. Rf3 Ra6 38. Nd4 Ne4 39. Rd3 Nf6 40.
Rd2 Rb6 41. Rc2 Rb7 42. Rc5 Ra7 43. Rb5 1/2-1/2

[Event "B5 Gruppe 2 "]
[Site "Koge"]
[Date "2004.??.??"]
[Round "5"]
[White "Schmidt, Niels Kim"]
[Black "Nielsen, Carl Otto"]
[Result "1-0"]
[WhiteElo "1762"]
[BlackElo "1682"]
[PlyCount "71"]
[EventDate "2004.04.08"]
[EventType "swiss"]
[EventRounds "5"]
[EventCountry "DEN"]

1. e4 c5 2. Nf3 Nc6 3. d4 cxd4 4. Nxd4 Nf6 5. Nc3 e5 6. Nf3 Bb4 7. Bd3 d5 8.
Nd2 d4 9. Ne2 Ng4 10. O-O Bxd2 11. Bxd2 Qh4 12. h3 h5 13. Qe1 Be6 14. f4 Qxe1
15. Rfxe1 Nf6 16. fxe5 Nxe5 17. Nxd4 O-O-O 18. Nxe6 fxe6 19. Rac1 Rd7 20. Bf4
Nc6 21. Bc4 Re7 22. Bg5 Ne5 23. Bb3 h4 24. Rf1 Ned7 25. e5 Nxe5 26. Bxf6 gxf6
27. Rxf6 Rg7 28. Bxe6+ Kc7 29. Bd5 Rd8 30. c4 Rg3 31. Re1 Rg5 32. b3 b5 33. Re4
bxc4 34. bxc4 Rb8 35. Rxh4 Nd7 36. Rc6+ 1-0

[Event "B5 Gruppe 2 "]
[Site "Koge"]
[Date "2004.??.??"]
[Round "5"]
[White "Vandrup, Lars"]
[Black "Christiansen, Per"]
[Result "1-0"]
[WhiteElo "1738"]
[BlackElo "1764"]
[PlyCount "65"]
[EventDate "2004.04.08"]
[EventType "swiss"]
[EventRounds "5"]
[EventCountry "DEN"]

1. e4 e5 2. Nf3 Nc6 3. Bb5 a6 4. Ba4 Nf6 5. O-O Be7 6. Re1 b5 7. Bb3 d6 8. c3
O-O 9. h3 Nb8 10. d4 Nbd7 11. Nbd2 c5 12. d5 Re8 13. Nf1 Nf8 14. Ng3 Qc7 15.
Bg5 Ng6 16. Qd2 Bd7 17. Rac1 Bd8 18. c4 a5 19. cxb5 Bxb5 20. Bc4 Bd7 21. b3 a4
22. b4 Qc8 23. bxc5 Ba5 24. Qd3 Bxe1 25. Nxe1 dxc5 26. Bxf6 gxf6 27. Nh5 Qd8
28. Qf3 f5 29. exf5 Qg5 30. fxg6 hxg6 31. Nf6+ Kg7 32. Nxe8+ Rxe8 33. Qc3 1-0